000 01581nam0a2200277 4500
001 RU\NLR\BIBL_A\011794286
005 20180928132149.0
021 _aRU
_bКН-П-18-060994
_9КН-П-18-4386
035 _a(NLR Aleph) 011794286
035 _a(RuMoRGB)009720166
090 _a11838616
_c11838616
100 _a20180918d2017 u y0rusy50 ca
101 0 _arus
102 _aRU
105 _aa zzjz00000zy
200 1 _aРадиационная экология
_eконспект лекций
_e[для студентов направления "Техносферная безопасность", профиль "Инженерная защита окружающей среды"]
_fН. С. Ткаленко
_gМинистерство транспорта Российской Федерации, Федеральное агентство морского и речного транспорта, ФГБОУ ВО "Сибирский государственный университет водного транспорта"
210 _aНовосибирск
_cСГУВТ
_d2017
215 _a147 с.
_cил., табл.
_d20
320 _aБиблиогр.: с. 144-145 (20 назв.)
606 1 _aРадиоэкология
_jУчебные издания для высших учебных заведений
_2nlr_sh1
_2nlr_sh2
_3RU\NLR\AUTH\663771
686 1 _aЕ081.28я73
700 1 _aТкаленко
_bН. С.
_gНаталья Сергеевна
942 _cBOOK
980 _aNB